000 01823 a2200253 4500
001 2162214035926770
003 UA-OsUOA
005 20260504145627.0
008 260501b un a|||| |||| 00| pdukr d
020 _a9667571055
040 _aUA-OsUOA
_bukr
_cUA-OsUOA
_dUA-OsUOA
041 _aukr
080 _a821.161.2
090 _a821.161.2
_bБ61
100 _aБіляїв В.
_925159
245 _aОсіння обнова
_cВолодимир Біляїв
_nкн. 3
260 _aДонецьк
_bУкраїнський культурологічний центр
_c2001
300 _a96 с.
520 _aДо третьої збірки відомого українського поета Володимира Біляїва, який нині живе в США, увійшли поезії, написані впродовж багатьох літ. Переважна їх частина друкується вперше. В чотирьох частинах збірки: "Осіння обнова", "Поліття", "По той бік щастя" та "Поеми" читач зустріне і теплі ліричні поезії, і вірші-посвяти, і героїку визвольних змагань, і тему рідної Донеччини. Оптимістичним рефреном звучить заключна поема "Заповіт Шевченка", яка перекидає своєрідний міст в історії українського народу між ХІХ і ХХ століттями, сягає думкою майбуття.
650 _a82 Література. Літературознавство
_915
942 _cBK
_2udc
955 _a3
999 _c580636
_d580636